[Event "AUTO-ADV-1798"]
[Site "http://www.queenalice.com/game.php?id=829680"]
[Date "2010.9.8"]
[Round "2"]
[White "KasparovPadawan"]
[Black "Rutty"]
[Result "0-1"]
[WhiteElo "1899"]
[BlackElo "2029"]

1. e4 c5 2. Bc4 Nc6 3. c3 e5 4. a3 Nf6 5. d3 Be7 6. Nf3 O-O 7. O-O d5 8. exd5
Nxd5 9. Nbd2 Bg4 10. Qb3 Nb6 11. h3 Bxf3 12. Nxf3 Bf6 13. Be3 Qe7 14. Bb5 Qd6
15. Rad1 a6 0-1

[Event "AUTO-ADV-1798"]
[Site "http://www.queenalice.com/game.php?id=829681"]
[Date "2010.9.8"]
[Round "2"]
[White "thewhitebishop"]
[Black "KasparovPadawan"]
[Result "1-0"]
[WhiteElo "2062"]
[BlackElo "1878"]

1. d4 d5 2. c4 c6 3. Nc3 e6 4. Nf3 Bb4 5. e3 Nf6 6. a3 Bxc3+ 7. bxc3 O-O 8. c5
b6 9. cxb6 axb6 10. c4 Ba6 11. Qc2 h6 12. Ne5 Qc7 13. Bd3 dxc4 14. Nxc4 1-0

[Event "AUTO-ADV-1798"]
[Site "http://www.queenalice.com/game.php?id=829682"]
[Date "2010.9.8"]
[Round "2"]
[White "KasparovPadawan"]
[Black "thewhitebishop"]
[Result "0-1"]
[WhiteElo "1869"]
[BlackElo "2071"]

1. e4 Nf6 2. Nc3 d5 3. d3 d4 4. Nce2 c5 5. h3 e5 6. f4 Nc6 7. Nf3 Bd6 8. a3 O-O
9. f5 b5 10. Bd2 a5 11. Nc1 Ba6 12. Be2 c4 13. c3 Qb6 0-1

[Event "SinAbandonar"]
[Site "http://www.queenalice.com/game.php?id=833939"]
[Date "2010.9.17"]
[Round "4"]
[White "KasparovPadawan"]
[Black "Matrim"]
[Result "0-1"]
[WhiteElo "1934"]
[BlackElo "1923"]

1. e4 c5 2. Bc4 Nc6 3. Nf3 e6 4. Nc3 Nge7 5. O-O d5 6. exd5 exd5 7. Bb5 Bg4 8.
b3 Qd6 9. Bb2 a6 10. Bxc6+ Nxc6 11. Qe2+ Be7 12. Rfe1 O-O 13. Nxd5 Qxd5 14. c4
Qe6 15. Qd3 Qg6 16. Qe3 Rae8 17. d4 cxd4 18. Nxd4 Nxd4 19. Bxd4 Bd7 20. Qc1 Bg5
21. Be3 Bf6 22. Rb1 Bf5 23. Bc5 Rxe1+ 24. Qxe1 Bxb1 25. Qxb1 Qxb1# 0-1

[Event "AUTO-ADV-1795"]
[Site "http://www.queenalice.com/game.php?id=837622"]
[Date "2010.9.24"]
[Round "2"]
[White "Blutigeroo"]
[Black "KasparovPadawan"]
[Result "0-1"]
[WhiteElo "1919"]
[BlackElo "1861"]

1. g3 e5 2. e4 Bc5 3. d3 h6 4. Bg2 Qf6 5. Nf3 Nc6 6. O-O d6 7. c3 Be6 8. Re1
Nge7 9. b3 O-O 10. Bb2 Rfd8 11. Qc2 d5 12. Nbd2 a6 13. d4 Ba7 14. c4 Nxd4 15.
Nxd4 dxc4 16. Nxe6 Qxf2+ 17. Kh1 Rxd2 18. Qxc4 Qxg2# 0-1

[Event "AUTO-ADV-1795"]
[Site "http://www.queenalice.com/game.php?id=837623"]
[Date "2010.9.24"]
[Round "2"]
[White "KasparovPadawan"]
[Black "Blutigeroo"]
[Result "1-0"]
[WhiteElo "1884"]
[BlackElo "1810"]

1. e4 c5 2. Bc4 e6 3. Nc3 Nf6 4. d3 Be7 5. Nf3 O-O 6. O-O Nc6 7. a3 d5 8. exd5
exd5 9. Ba2 a6 10. d4 c4 11. b3 b5 12. a4 Qb6 13. Bg5 Re8 14. Bxf6 Bxf6 15. Nxd5
Qd8 16. bxc4 bxc4 17. Bxc4 Be6 18. Nxf6+ Qxf6 19. Bd3 Bg4 20. Be2 Re6 21. c4
Nxd4 22. Nxd4 Rd8 23. Bxg4 Rxd4 24. Qf3 Qxf3 25. Bxf3 h6 26. Bb7 a5 27. f4 Rb6
28. Bd5 Rb2 29. Rae1 Rdd2 30. h4 Kh7 31. h5 g6 32. Be4 Kg7 33. c5 f5 34. Bf3
Rbc2 35. c6 Kf6 36. Re5 g5 37. Rfe1 g4 38. Re6+ Kg7 39. Re7+ Kf8 40. Re8+ Kf7
41. R1e7+ Kf6 42. Rd7 Rc1+ 43. Kh2 Rdc2 44. Bd5 Rc5 45. Rf8# 1-0

[Event "AUTO-ADV-1795"]
[Site "http://www.queenalice.com/game.php?id=837626"]
[Date "2010.9.24"]
[Round "2"]
[White "Artking"]
[Black "KasparovPadawan"]
[Result "1-0"]
[WhiteElo "1922"]
[BlackElo "1879"]

1. Nf3 d5 2. d4 Bf5 3. e3 Nf6 4. c4 c6 5. Nc3 e6 6. a3 Be7 7. Be2 O-O 8. O-O b6
9. Ne5 Qc7 10. f4 h6 11. b3 Nbd7 12. Bd2 c5 13. g4 Be4 14. Nxe4 Nxe4 15. Be1
cxd4 16. exd4 Nxe5 17. dxe5 f6 18. cxd5 Qc5+ 19. Kg2 fxe5 20. Bb4 Qc7 21. Rc1
Nc5 22. Bc4 Rad8 23. Bc3 exf4 24. Rf3 Qb7 25. Qe2 exd5 26. Bd3 Nxb3 27. Re1 Bxa3
28. Qe6+ Kh8 29. Qxh6+ Kg8 30. Qh7+ Kf7 31. Rxf4# 1-0

[Event "AUTO-ADV-1795"]
[Site "http://www.queenalice.com/game.php?id=837627"]
[Date "2010.9.24"]
[Round "2"]
[White "KasparovPadawan"]
[Black "Artking"]
[Result "1-0"]
[WhiteElo "1865"]
[BlackElo "1936"]

1. e4 c6 2. Nf3 d5 3. exd5 cxd5 4. d4 Nc6 5. Bb5 Qc7 6. O-O a6 7. Bd3 Nf6 8. h3
g6 9. Be3 Bg7 10. Nc3 O-O 11. a3 Bd7 12. Re1 Rad8 13. Qd2 e6 14. Bh6 b5 15. Bxg7
Kxg7 16. b4 Rfe8 17. Ne2 Ne4 18. Bxe4 dxe4 19. Nh2 Ne7 20. Ng3 f5 21. f3 f4 22.
Nxe4 e5 23. c3 Nf5 24. Ng4 Bc6 25. Qb2 exd4 26. cxd4 Rxd4 27. Rad1 Rd8 28. Nc5
Qb6 29. Nf2 Kh6 30. Ng4+ Kh5 31. Rxd4 Rxd4 32. Nf6+ Kh6 33. Qf2 Rd6 34. Ng8+ Kg7
35. Ne6+ Kxg8 36. Qxb6 Kf7 37. Ng5+ 1-0

[Event "AUTO-ADV-1795"]
[Site "http://www.queenalice.com/game.php?id=837630"]
[Date "2010.9.24"]
[Round "2"]
[White "KasparovPadawan"]
[Black "luizimbroisi"]
[Result "1-0"]
[WhiteElo "1897"]
[BlackElo "1980"]

1. e4 e5 2. Bc4 Nf6 3. Nc3 Nc6 4. a3 Bc5 5. h3 d6 6. Nf3 b6 7. O-O Bb7 8. d3 Na5
9. Ba2 Nc6 10. Qe2 Ba6 11. Bg5 h6 12. Bxf6 Qxf6 13. Nd5 Qd8 14. c3 b5 15. b4 Bb6
16. Rab1 Ne7 17. Nxb6 axb6 18. d4 Bb7 19. Rbd1 f6 20. dxe5 fxe5 21. Nxe5 Rxa3
22. Qh5+ g6 23. Bf7+ Kf8 24. Nxg6+ Nxg6 25. Bxg6 Qg5 26. Qf3+ Ke7 27. Qf7+ Kd8
28. Rd3 Qe7 29. Qf5 Rg8 30. Rg3 Bc8 31. Qxb5 Ba6 32. Qd5 Rxg6 33. Rxg6 Bxf1 34.
Rg8+ Kd7 35. Qf5+ Kc6 36. Qd5+ Kd7 37. Qf5+ Kc6 38. Kxf1 Rxc3 39. b5+ Kb7 40.
Qc8+ 1-0

[Event "AUTO-ADV-1795"]
[Site "http://www.queenalice.com/game.php?id=837631"]
[Date "2010.9.24"]
[Round "2"]
[White "luizimbroisi"]
[Black "KasparovPadawan"]
[Result "0-1"]
[WhiteElo "1957"]
[BlackElo "1916"]

1. e4 e5 2. f4 Bc5 3. Nf3 exf4 4. d4 Bb6 5. Bxf4 d6 6. h3 Nf6 7. Bd3 c5 8. d5
O-O 9. Bg5 Nbd7 10. Nc3 Qc7 11. Nb5 Ba5+ 12. c3 Qb6 13. Bf4 Nxe4 14. Bxe4 Qxb5
15. Bxh7+ Kh8 16. Bd3 Re8+ 17. Kf1 c4 18. Nd4 Qxd5 19. Bc2 b5 20. Qg4 Bd8 21.
Rd1 Nb6 22. Qg3 Qh5 23. Nc6 Nd5 24. Rxd5 Qe2+ 25. Kg1 Bb6+ 26. Nd4 Bxd4+ 27.
Rxd4 Qxc2 28. Rxd6 Be6 29. Rd2 Qf5 30. Kh2 g5 31. Bxg5 Rg8 32. Qh4+ Qh7 33. Bf6+
Rg7 34. Bxg7+ Kxg7 35. Qxh7+ Kxh7 36. Rhd1 a5 37. Rd6 b4 38. cxb4 axb4 39. Ra1
c3 40. b3 Bxb3 41. Rb6 Ra4 42. Rxb4 Rxb4 43. axb3 Rxb3 44. Kg1 c2 45. Rc1 Rb1
0-1

[Event "AUTO-ADV-1946"]
[Site "http://www.queenalice.com/game.php?id=849556"]
[Date "2010.10.23"]
[Round "1"]
[White "Markus1234567"]
[Black "KasparovPadawan"]
[Result "1-0"]
[WhiteElo "1921"]
[BlackElo "1896"]

1. e4 e5 2. Nf3 d6 3. Bc4 h6 4. d3 Nf6 5. O-O Be7 6. Nc3 O-O 7. Nd5 Nbd7 8. Nh4
c6 9. Nxe7+ Qxe7 10. Ng6 Qe8 11. Nxf8 Nxf8 12. f4 a5 13. a4 Be6 14. fxe5 dxe5
15. Bxh6 Bxc4 16. dxc4 Nxe4 17. Qg4 Ng6 18. Bxg7 Nd2 19. Rf2 Nxc4 20. Qxc4 Kxg7
21. Raf1 Nf4 22. Qb3 Qd7 23. Qg3+ Kf8 24. Qh4 Rd8 25. Qh8+ Ke7 26. Qxe5+ 1-0

[Event "AUTO-ADV-1946"]
[Site "http://www.queenalice.com/game.php?id=849557"]
[Date "2010.10.23"]
[Round "1"]
[White "KasparovPadawan"]
[Black "Markus1234567"]
[Result "1-0"]
[WhiteElo "1861"]
[BlackElo "1980"]

1. e4 e5 2. Bc4 Bc5 3. Nf3 Nf6 4. Nc3 d6 5. h3 O-O 6. O-O a6 7. d4 exd4 8. Nxd4
b5 9. Bd5 c6 10. Nxc6 Nxc6 11. Bxc6 Ra7 12. a3 Rc7 13. Bd5 Qe7 14. Qd3 Be6 15.
Bg5 h6 16. Bh4 Ra7 17. b4 Bb6 18. Qf3 Bd4 19. Rad1 Bxc3 20. Qxc3 Nxd5 21. exd5
Qxh4 22. dxe6 fxe6 23. Rxd6 Qe4 24. Re1 Qf5 25. Qe3 Re7 26. c3 Ra8 27. Rxe6 Qxe6
28. Qxe6+ Rxe6 29. Rxe6 Kf7 30. Rb6 Rc8 31. Rxa6 Rxc3 32. Kh2 Rc2 33. f3 Rc3 34.
Kg3 g6 35. h4 Rd3 36. h5 gxh5 37. Rxh6 1-0

[Event "AUTO-ADV-1946"]
[Site "http://www.queenalice.com/game.php?id=849568"]
[Date "2010.10.23"]
[Round "1"]
[White "maurice91"]
[Black "KasparovPadawan"]
[Result "1-0"]
[WhiteElo "1759"]
[BlackElo "1918"]

1. d4 d5 2. c4 c6 3. Nc3 Bf5 4. Nf3 Nd7 5. cxd5 cxd5 6. Nxd5 e6 7. Nc3 Bb4 8.
Bd2 Ngf6 9. e3 O-O 10. Be2 Ne4 11. Nxe4 Bxd2+ 12. Nexd2 Nf6 13. O-O Qb6 14. Nc4
Qc7 15. Rc1 Qd8 16. b3 h6 17. h3 Re8 18. Nb2 a6 19. Nh2 Qd7 20. Bf3 Rad8 21. Nc4
Qe7 22. Re1 Be4 23. Nd2 Bd3 24. Rc3 Bb5 25. a4 Bc6 26. Bxc6 bxc6 27. Rxc6 Qb7
28. Rc1 e5 29. dxe5 Rxe5 30. Qe2 Red5 31. Red1 Qb4 32. Nhf3 Ne4 33. Rc4 1-0

[Event "AUTO-ADV-1946"]
[Site "http://www.queenalice.com/game.php?id=849569"]
[Date "2010.10.23"]
[Round "1"]
[White "KasparovPadawan"]
[Black "maurice91"]
[Result "0-1"]
[WhiteElo "1881"]
[BlackElo "1787"]

1. d4 d5 2. c4 c6 3. e3 Nf6 4. Nc3 e6 5. Nf3 dxc4 6. Bxc4 Be7 7. O-O Nbd7 8. a3
Nd5 9. Bd2 N7f6 10. Qc2 h6 11. e4 Nxc3 12. Bxc3 O-O 13. h3 Re8 14. e5 Nd5 15.
Bxd5 cxd5 16. Bd2 Bf8 17. Qd3 a6 18. Rac1 Bd7 19. Qc2 Bc6 20. a4 Qd7 21. Ra1
Rec8 22. Bc3 Be7 23. Rfe1 Bd8 24. b4 b5 25. a5 Bb7 26. Qd3 Be7 27. Rac1 Qd8 28.
Bd2 Bc6 29. Qb1 Be8 30. Rxc8 Rxc8 31. g4 g5 32. Kh2 Bd7 33. Ng1 f5 34. gxf5 exf5
35. f4 Qf8 36. Nf3 g4 37. Rg1 h5 38. Ng5 Bxg5 39. fxg5 Rc4 0-1

[Event "Welcome Betox White!!!"]
[Site "http://www.queenalice.com/game.php?id=859600"]
[Date "2010.11.16"]
[Round "-"]
[White "beto_fuentes"]
[Black "KasparovPadawan"]
[Result "0-1"]
[WhiteElo "1100"]
[BlackElo "1882"]

1. d4 d5 2. e3 Nf6 3. Nc3 e6 4. h4 Bb4 5. a3 Ba5 6. b4 Bb6 7. g3 O-O 8. Nf3 a5
9. b5 Bd7 10. Ne5 c6 11. a4 cxb5 12. Nxd7 Nbxd7 13. Bxb5 Qc7 14. Qd2 Rac8 15.
Ba3 Qxc3 16. Ra2 Qxd2+ 17. Kxd2 Ne4+ 18. Ke2 Nc3+ 19. Kf3 Nxa2 20. Bxd7 Rxc2 21.
Bxf8 Kxf8 22. Rb1 Nb4 23. Bc8 Rxc8 24. h5 Rc3 25. g4 Bxd4 26. g5 b6 27. Rh1 Bc5
28. h6 g6 29. Rh3 d4 30. Rg3 dxe3 31. fxe3 Rxe3+ 32. Kg2 Rxg3+ 33. Kxg3 Be7 34.
Kf4 e5+ 35. Kxe5 Bxg5 36. Kd4 f5 37. Ke5 Nc2 38. Kd5 f4 39. Ke5 Ne1 40. Ke4 f3
41. Kd5 f2 42. Kc6 f1=Q 43. Kxb6 Qc4 44. Kxa5 Bd8# 0-1

[Event "HILITO"]
[Site "http://www.queenalice.com/game.php?id=869511"]
[Date "2010.12.8"]
[Round "4"]
[White "Sin_personalidad"]
[Black "KasparovPadawan"]
[Result "0-1"]
[WhiteElo "2005"]
[BlackElo "1878"]

1. d4 d5 2. c4 c6 3. e3 Nf6 4. Nf3 Bg4 5. cxd5 cxd5 6. Be2 e6 7. O-O Bd6 8. Nbd2
O-O 9. h3 Bxf3 10. Nxf3 a6 11. a3 Nc6 12. b4 Ne4 13. Bb2 f5 14. Qb3 g5 15. b5
axb5 16. Qxb5 Qe8 17. Qb3 g4 18. hxg4 fxg4 19. Ng5 Nxg5 20. Bxg4 Na5 21. Qb6 Nc4
22. Qb3 Ne4 23. Bc1 Bg3 24. f3 Ned2 25. Bxd2 Nxd2 26. Qb6 Nxf1 27. Kxf1 Rf6 28.
Qb3 Rb8 29. Rc1 Qg6 30. Rc7 Bxc7 31. Qb5 Qxg4 32. Qd7 Qg3 33. Qe7 Rg6 34. Qxc7
Qxc7 0-1

[Event "Jasta 11"]
[Site "http://www.queenalice.com/game.php?id=894055"]
[Date "2011.2.10"]
[Round "-"]
[White "agargent"]
[Black "KasparovPadawan"]
[Result "1-0"]
[WhiteElo "1996"]
[BlackElo "1899"]

1. e4 e5 2. Nf3 d6 3. d4 Nd7 4. Bc4 h6 5. dxe5 dxe5 6. Bxf7+ Kxf7 7. Nxe5+ Kf6
8. Nc3 Bb4 9. Qf3+ Ke6 10. Qf5+ Kd6 11. Nf7+ 1-0

[Event "Wolff"]
[Site "http://www.queenalice.com/game.php?id=894068"]
[Date "2011.2.10"]
[Round "-"]
[White "KasparovPadawan"]
[Black "agargent"]
[Result "0-1"]
[WhiteElo "1887"]
[BlackElo "1987"]

1. d4 Nf6 2. Nf3 d5 3. Nc3 g6 4. e3 Bg7 5. Bd3 O-O 6. O-O Nc6 7. a3 Re8 8. h3 e5
9. dxe5 Nxe5 10. Nxe5 Rxe5 11. f4 Re7 12. Qf3 b6 13. Bd2 Bb7 0-1

[Event "Let's Play Chess!"]
[Site "http://www.queenalice.com/game.php?id=898363"]
[Date "2011.2.10"]
[Round "-"]
[White "KasparovPadawan"]
[Black "oscarpov"]
[Result "0-1"]
[WhiteElo "1875"]
[BlackElo "1960"]

1. e4 c6 2. Bc4 d5 3. exd5 cxd5 4. Bb5+ Bd7 5. a4 Bxb5 6. axb5 e5 7. d3 Nf6 8.
Bg5 Nbd7 9. Nf3 Bd6 10. O-O O-O 11. Re1 Qb6 12. Bxf6 Nxf6 13. Nxe5 Qxb5 0-1

[Event "AUTO-ADV-1797"]
[Site "http://www.queenalice.com/game.php?id=918372"]
[Date "2011.3.28"]
[Round "2"]
[White "HelderNanques"]
[Black "KasparovPadawan"]
[Result "1-0"]
[WhiteElo "2170"]
[BlackElo "1862"]

1. c4 e5 2. Nc3 Bc5 3. d3 h6 4. Nf3 Nc6 5. g3 Nf6 6. Bg2 O-O 7. O-O d5 8. cxd5
Nxd5 9. Qc2 Bf5 10. Bd2 Nf6 11. Nh4 Bd7 12. Ne4 Nxe4 13. Bxe4 f5 14. Bg2 Be7 15.
Ng6 Rf6 16. Nxe7+ Qxe7 17. Bc3 Rg6 18. Rab1 Qc5 19. Qb3+ Kh8 20. Qxb7 Rf8 21.
Qxc7 Be8 22. Rbc1 Re6 23. a3 Rf7 24. Qc8 Qe7 25. Bd5 1-0

[Event "AUTO-ADV-1797"]
[Site "http://www.queenalice.com/game.php?id=918373"]
[Date "2011.3.28"]
[Round "2"]
[White "KasparovPadawan"]
[Black "HelderNanques"]
[Result "0-1"]
[WhiteElo "1869"]
[BlackElo "2203"]

1. e4 e6 2. d4 d5 3. e5 c5 4. c3 Nc6 5. Be3 Qb6 6. Qc2 Bd7 7. Nf3 Rc8 8. Bd3
cxd4 9. Bxd4 Nxd4 10. Nxd4 Bc5 11. Qe2 Bxd4 12. cxd4 Qb4+ 13. Nd2 Ne7 14. O-O
Qxd4 15. Nf3 Qb6 16. b3 h6 17. Rac1 O-O 18. Rc2 Rxc2 19. Bxc2 Bb5 20. Bd3 Bxd3
21. Qxd3 Rc8 22. a4 Qb4 23. Rb1 Qc3 24. Qxc3 Rxc3 25. Nd4 a6 26. b4 Nc6 27. Ne2
Rc4 28. b5 Nxe5 29. f4 Ng6 30. g3 Rxa4 0-1

[Event "AUTO-ADV-1797"]
[Site "http://www.queenalice.com/game.php?id=918376"]
[Date "2011.3.28"]
[Round "2"]
[White "KasparovPadawan"]
[Black "xerxe"]
[Result "1-0"]
[WhiteElo "1858"]
[BlackElo "1736"]

1. d4 d5 2. Nc3 Bf5 3. Nf3 e6 4. Bf4 Bd6 5. Qd2 Nf6 6. Bxd6 cxd6 7. e3 O-O 8.
Bd3 Ne4 9. Bxe4 dxe4 10. Ng1 Nc6 11. Nge2 d5 12. Ng3 Bg6 13. O-O Qg5 14. b4 b6
15. a4 Nxb4 16. Ncxe4 Bxe4 17. Nxe4 dxe4 18. Qxb4 Rac8 19. c4 Rc6 20. Rfc1 Rfc8
21. a5 e5 22. d5 bxa5 23. Rxa5 R6c7 24. d6 Rd7 25. Rd5 Rc6 26. c5 Qf5 27. Qb8+
1-0

[Event "AUTO-ADV-1797"]
[Site "http://www.queenalice.com/game.php?id=918377"]
[Date "2011.3.28"]
[Round "2"]
[White "xerxe"]
[Black "KasparovPadawan"]
[Result "1-0"]
[WhiteElo "1725"]
[BlackElo "1866"]

1. e4 e5 2. Nf3 d6 3. Bc4 h6 4. Nc3 Nf6 5. d4 exd4 6. Nxd4 Be7 7. O-O O-O 8. h3
a6 9. a4 c5 10. Nf3 Bd7 11. b3 Bc6 12. Re1 Nbd7 13. Bb2 Re8 14. Nh2 Ne5 15. Be2
Nxe4 16. Nxe4 Bxe4 17. Bh5 Bc6 18. Bxe5 dxe5 19. Rxe5 Bf6 20. Rxe8+ Qxe8 21. Rc1
Rd8 22. Qg4 Rd4 23. Qg3 Be5 24. Qe3 Qb8 25. Nf3 Bf4 26. Qe7 Rd7 27. Qe1 Bxc1 28.
Qxc1 Qd8 29. Ne5 Rd1+ 30. Qxd1 1-0